Analele Universitǎti̧i "Constantin Brâncuşi" din Târgu Jiu. Annals of "Constantin Brâncuşi" University of Târgu-Jiu. Juridical science series. Serie ştiinţe juridice
| Autor Corporativo: | |
|---|---|
| Formato: | Electrónico Revista |
| Lenguaje: | rumano inglés francés |
| Publicado: |
Târgu Jiu :
Academica Brâncuşi,
2007-
|
| Materias: | |
| Acceso en línea: | Full text available from Research Library: 01/01/2012 to present |
MARC
| LEADER | 00000nas a2200000 a 4500 | ||
|---|---|---|---|
| 001 | ssj0000802788 | ||
| 003 | WaSeSS | ||
| 005 | 20200512172242.0 | ||
| 006 | m d | ||
| 007 | cr n | ||
| 008 | 120227c20079999rm qr p s 0 0rum c | ||
| 010 | |a 2012254068 | ||
| 035 | |a (WaSeSS)ssj0000802788 | ||
| 040 | |a CNCGM |b eng |c CNCGM |d OCLCQ |d CUS |d OCLCF |d OCLCQ |d NAM |d OCLCA |d WaSeSS | ||
| 041 | 0 | |a rum |a eng |a fre | |
| 042 | |a pcc | ||
| 050 | 1 | 4 | |a K1 |
| 245 | 0 | 0 | |a Analele Universitǎti̧i "Constantin Brâncuşi" din Târgu Jiu. |p Serie ştiinţe juridice |h [electronic resource] = |b Annals of "Constantin Brâncuşi" University of Târgu-Jiu. Juridical science series. |
| 246 | 3 | 0 | |a Serie ştiinţe juridice |
| 246 | 3 | 1 | |a Annals of the 'Constantin Brancusi' University of Targu-Jiu. |p Juridical science series |
| 260 | |a Târgu Jiu : |b Academica Brâncuşi, |c 2007- | ||
| 310 | |a Quarterly, |b 2010- | ||
| 321 | |a Semiannual, |b 2007-2009 | ||
| 362 | 1 | |a Began with 2007, Nr. 1. | |
| 506 | |a License restrictions may limit access. | ||
| 546 | |a Text in Romanian, English, and French. | ||
| 588 | |a Description based on: 2007, Nr. 1; title from PDF title page (publisher's Web site, viewed Dec. 16, 2012). | ||
| 588 | |a Latest issue consulted: 2012, Nr. 1 (viewed Dec. 16, 2012). | ||
| 650 | 0 | |a Law |v Periodicals. | |
| 650 | 0 | |a Legislation |v Periodicals. | |
| 650 | 7 | |a Law. |2 fast |0 (OCoLC)fst00993678 | |
| 650 | 7 | |a Legislation. |2 fast |0 (OCoLC)fst00995636 | |
| 655 | 0 | |a Electronic journals. | |
| 710 | 2 | |a Universitatea "Constantin Brâncuși" din Târgu-Jiu. | |
| 776 | 0 | 8 | |i Print version: |t Analele Universitǎti̧i "Constantin Brâncuşi" din Târgu Jiu. Serie Ştiinţe juridice |x 1844-7015 |
| 856 | 4 | 0 | |z Full text available from Research Library: 01/01/2012 to present |u https://search.proquest.com/publication/1966351 |